000 00537nam a2200181 a 4500
005 20140310183457.0
008 091116s19uu xx 00 eng d
020 _a978-1-4283-2140-3
050 _aTX 911.3.M27
_b.Sz26 2010
100 _aSzende, Peter
245 _aCase scenarios in hospitality supervision /
_cPeter Szende.
260 _aAustralia :
_bDelmar Cengage Learning,
_c2010.
300 _a 202 p. :
_bill. ;
_c24 cm.
521 _aTOU
650 _aHospitality Supervision.
942 _cBK
_2lcc
_kFOR
999 _c23667
_d23667